• 首页
  • 本馆介绍
  • 公告通知
  • 最新文献
  • 馆藏检索
  • 电子资源
  • 读者导购
  • 参考咨询
  • 我的图书馆
  • 登录
  • 详细信息显示
  • 放入我的书架
  • 预约/预借图书
  • 作者相关作品
  • 分类相关作品
  • 丛书相关作品
  • 出版社相关作品

书目信息

  • 表格格式
  • 工作单格式
  • 卡片格式
题名:
毛泽东诗词讲解
    
 
作者: 臧克家 讲解 ;周振甫 注释
分册:  
出版信息: 北京   中国青年出版社  1990
页数: 172页
开本: 20cm
丛书名:
单 册:
中图分类: A841.4
科图分类:
主题词: 毛主席诗词--鉴赏 , 毛泽东著作--学习 , 毛泽东著作研究
电子资源:
ISBN: 7-5006-0362-2
000 00699nam0 2200241 45
001 0197021331
005 20060314101429.59
010    @a7-5006-0362-2@dCNY2.20
100    @a19970731d1990 y0chiy0121 ea
101 0  @achi
102    @aCN@b110000
105    @ay z 000gy
200 10 @a毛泽东诗词讲解@Amao ze dong shi ci jiang jie@f臧克家讲解@Fzang ke jia jiang jie@g周振甫注释
210    @a北京@c中国青年出版社@d1990
215    @a172页@d20cm
606    @a毛主席诗词@x鉴赏
606 0  @a毛泽东著作@x学习
606 0  @a毛泽东著作研究
690    @aA841.4@v3
701  0 @a臧克家@Azang ke jia@4讲解
702  0 @a周振甫@Azhou zhen fu@4注释
801  0 @aCN@bTSSF@c20060314
905    @a10447@dA841.4@e27
    
    毛泽东诗词讲解/臧克家讲解/周振甫注释.-北京:中国青年出版社,1990
    172页;20cm
    
    
    ISBN 7-5006-0362-2:CNY2.20
    
●
相关链接 在E读中查询图书 在五车中查询图书 在当当中查询图书 在豆瓣中查询图书


正题名:毛泽东诗词讲解     索取号:A841.4/27         预约/预借

序号 登录号 条形码 馆藏地/架位号 状态 备注
1 0231743   202204998   密集书库/ [索取号:A841.4/27] 在馆    
唐山师范学院图书馆 欢迎您!
大连网信软件有限公司© 版权所有